| 000 | 00535nam a2200217Ia 4500 | ||
|---|---|---|---|
| 999 |
_c45487 _d45487 |
||
| 001 | 12312 | ||
| 003 | GE_BSU | ||
| 005 | 20250411145618.0 | ||
| 008 | 181216s2000||||enk|||||||||||||| ||eng|| | ||
| 020 | _a9780747266242x | ||
| 040 | _cGE_BSU | ||
| 041 | _aeng | ||
| 080 | _a821.111-312.4 R-37 | ||
| 100 |
_aReich, Christopher _924768 |
||
| 245 | 4 |
_aThe Runner / _cChristopher Reich. |
|
| 260 | _bHeadline Feature | ||
| 260 | _c2000 | ||
| 264 |
_aLondon : _bHeadline Feature, _c2000. |
||
| 300 |
_a533 p.; _b18 cm. |
||
| 942 |
_cBK _2udc |
||